LEADER 01367nam a2200289 a 4500 001 000000152145 003 CaOOAMICUS 005 20160607121830.0 008 160607s1942 sp b u000 u spa r 032 $aLibriCat 040 $aPUL$bita 100 1 $aLopetegui, León,$cS.I.$0(OLS)http://pul/name/48545 245 13$aEl padre José de Acosta y las misiones /$cLeón Lopetegui S.I. 260 $aMadrid :$b[s.n.],$c1942. 300 $aXLVII, 624 p. :$bc.geog. ;$c25 cm. 500 $aSul front: Consejo superior de investigaciones científicas. Instituto Gonzalo Fernandez de Oviedo. 504 $aBibliografia in nota a piè pagina. 600 14$aAcosta, José de,$cS.I.,$d1540-1600.$0(OLS)http://pul/subject/43482 610 24$aGesuiti$xMissioni.$0(OLS)http://pul/subject/15794 710 2 $aConsejo superior de investigaciones científicas.$bInstituto Gonzalo Fernandez de Oviedo.$0(OLS)http://pul/name/96835 850 $aPUL 852 $aPUL$W1$xDP1 Cons. Gen., Altre Classi 1$y22$m933 G 12$j174897$qStampati$B177452$CPULBib$Z2$F177452 $H11269 $81 941 1 $a8 961 $aTimbri: Supremum Hispaniae Consilium Scientiis Pervestigandis D.D. 996 $6245$aEl padre José de Acosta y las misiones$9(OLS)http://pul/title/191515 996 $6260$aMadrid :$b[s.n.]$9(OLS)http://pul/publisher/49535 LEADER 01156nam a2200277 u 4500 001 000000075887 003 CaOOAMICUS 005 20070226123141.0 008 031023s2003 it u000 u ita u 020 $a8839907971 035 $a10974091 040 $aPUL$bita 100 1 $aZuccaro, Cataldo,$csacerdote,$d1953-$0(OLS)http://pul/name/35504 245 10$aBioetica e valori nel postmoderno :$bin dialogo con la cultura liberale /$cCataldo Zuccaro. 260 $aBrescia :$bQueriniana,$cc2003. 300 $a265 p. ;$c19 cm 490 1 $aGiornale di teologia ;$v297 650 4$aBioetica$vManuali.$0(OLS)http://pul/subject/18403 830 0$aGiornale di teologia ;$v297.$0(OLS)http://pul/title/9027 850 $aPUL 852 $aPUL$W1$xSL Religione 3$y85$m200 GDT 1.297$j97555$nBK-PRI$b $qDDC 21$B97555$CPULBib$Z2$F97555 $H93706 $82 941 1 $a9 983 0$aGdT. 996 $6020$a8839907971$9(OLS)http://pul/number/99302 996 $6245$aBioetica e valori nel postmoderno :$bin dialogo con la cultura liberale$9(OLS)http://pul/title/99541 996 $6260$aBrescia :$bQueriniana$9(OLS)http://pul/publisher/47906